The best-performing CEOs in the word (Registro nro. 11074)

Detalles MARC
000 -LEADER
fixed length control field 00359 a2200109 4500
001 - CONTROL NUMBER
control field ART_15639
005 - DATE AND TIME OF LATEST TRANSACTION
control field 20260410161616.0
008 - FIXED-LENGTH DATA ELEMENTS--GENERAL INFORMATION
fixed length control field 260409a
100 1# - MAIN ENTRY--PERSONAL NAME
Personal name Hansen, Morten T.
245 10 - TITLE STATEMENT
Title The best-performing CEOs in the word
773 0# - HOST ITEM ENTRY
Title Harvard Business Review
Related parts The 100 best ceos in the world - Vol. 91,Nº1/2 (ene./feb.2013)
Record control number REV340

No hay ítems disponibles.